[Event "Women's Speed Chess Q5"]
[Site "chess.com INT"]
[Date "2020.06.22"]
[Round "6"]
[White "Maltsevskaya, Aleksandra"]
[Black "Dordzhieva, Dinara"]
[Result "1-0"]
[WhiteTitle "WGM"]
[BlackTitle "WIM"]
[WhiteElo "2272"]
[BlackElo "2354"]
[WhiteFideId "24174041"]
[BlackFideId "24157570"]
[EventDate "2020.06.22"]

1. Nf3 d5 2. g3 g6 3. Bg2 Bg7 4. O-O e5 5. d3 c5 6. Nbd2 Nc6 7. e4 Nf6 8. exd5
Nxd5 9. Nc4 f6 10. c3 O-O 11. d4 cxd4 12. cxd4 e4 13. Nfd2 f5 14. Nb3 Be6 15. f3
exf3 16. Bxf3 Kh8 17. Nc5 Bg8 18. Nb3 Rc8 19. Kh1 a5 20. Ne5 Nxe5 21. dxe5 Bxe5
22. Bh6 Re8 23. Re1 Nb4 24. Qxd8 Rcxd8 25. Bg5 Bxb2 26. Bxd8 Rxd8 27. Rad1 Rxd1
28. Rxd1 Nxa2 29. Nxa5 b6 30. Nc6 Bf6 31. Rd6 Kg7 32. Rd7+ Kh6 33. Rb7 Nc3 34.
Rxb6 Ne4 35. Nb4 Bd4 36. Rb8 Bc4 37. Nc6 Be3 38. Ne5 Bf1 39. Bxe4 Bd4 40. Nf3
Ba7 41. Rb7 fxe4 42. Nd2 e3 43. Nf3 Be2 44. Rxa7 Bxf3+ 45. Kg1 e2 46. Kf2 Bg4
47. Rf7 Bh5 48. Rf4 g5 49. Re4 Kg6 50. g4 Kf6 51. gxh5 Kf5 52. Rxe2 Kg4 53. Kg2
Kxh5 54. Kg3 g4 55. Re5+ Kg6 56. Kxg4 h5+ 57. Rxh5 Kf6 58. h4 Ke6 59. Rg5 Kf6
60. h5 Ke6 61. h6 Kd6 62. h7 Ke6 63. h8=Q 1-0

[Event "Women's Speed Chess Q5"]
[Site "chess.com INT"]
[Date "2020.06.22"]
[Round "6"]
[White "Starosta, Martyna"]
[Black "Smirnova, Ekaterina"]
[Result "0-1"]
[WhiteTitle "WCM"]
[BlackTitle "WIM"]
[WhiteElo "2079"]
[BlackElo "2278"]
[WhiteFideId "21818754"]
[BlackFideId "4110943"]
[EventDate "2020.06.22"]

1. e4 e6 2. d4 d5 3. Nc3 Bb4 4. exd5 exd5 5. Bd3 Ne7 6. a3 Bd6 7. Nge2 Nbc6 8.
O-O Bg4 9. f3 Bh5 10. Be3 Qd7 11. b4 O-O 12. Qe1 Rfe8 13. Qf2 Bg6 14. Bf4 Bxd3
15. cxd3 Bxf4 16. Nxf4 Qd6 17. Nce2 Nf5 18. b5 Ncxd4 19. Nxd4 Qxf4 20. Nxf5 Qxf5
21. d4 Qd3 22. Rfe1 Qxb5 23. Rab1 Qa6 24. Rxe8+ Rxe8 25. Qg3 Qc6 26. Re1 Rxe1+
27. Qxe1 Kf8 28. Qe5 Qd6 29. Qe3 Qe6 30. Qc3 b6 31. Kf2 c6 32. Qb4+ Ke8 33. Qa4
a5 34. Qb3 b5 35. Qc3 a4 36. Qa5 Qd6 37. Qa8+ Kd7 38. Qb7+ Qc7 39. Qa8 Qb6 40.
Qf8 Qxd4+ 41. Kg3 Qe5+ 42. Kf2 Qf6 43. Qb8 Qb2+ 44. Kg3 Qxa3 45. Qb7+ Kd6 46.
Qb8+ Ke6 47. Qc8+ Ke7 48. Qc7+ Ke6 49. Qxc6+ Ke5 50. Qe8+ Kd4 51. Qxf7 Qd6+ 52.
Kf2 a3 53. Qxg7+ Kc5 54. Qa7+ Kc6 55. Qa6+ Kd7 56. Qb7+ Ke6 57. Qxb5 d4 58. Qe2+
Qe5 59. Qa6+ Qd6 60. Qc8+ Kd5 61. Qb7+ Kc4 62. Qc8+ Kb3 63. Qb7+ Qb4 0-1

[Event "Women's Speed Chess Q5"]
[Site "chess.com INT"]
[Date "2020.06.22"]
[Round "6"]
[White "Goltseva, Ekaterina"]
[Black "Sharma, Isha"]
[Result "1-0"]
[WhiteTitle "FM"]
[BlackTitle "WIM"]
[WhiteElo "2306"]
[BlackElo "2276"]
[WhiteFideId "24173770"]
[BlackFideId "35006665"]
[EventDate "2020.06.22"]

1. d4 Nf6 2. c4 g6 3. Nc3 Bg7 4. e4 d6 5. Nf3 O-O 6. h3 e5 7. d5 Na6 8. Be3 Nc5
9. Nd2 a5 10. g4 b6 11. Be2 Bd7 12. h4 Qc8 13. Rg1 Ne8 14. h5 h6 15. g5 hxg5 16.
hxg6 fxg6 17. Rxg5 Kh7 18. Nf1 Bh6 19. Rg1 Bxe3 20. Nxe3 Nf6 21. Bf3 Qe8 22. Qe2
Nh5 23. Bxh5 gxh5 24. O-O-O Rf4 25. Rg5 Kh6 26. Rdg1 Qf7 27. f3 Rf8 28. Qh2 Rxf3
29. Qd2 Rf2 30. Qd1 Qf3 31. Rg6+ Kh7 32. Rg7+ Kh8 33. Qxf3 R2xf3 34. Kd2 Bh3 35.
R7g5 Rf2+ 36. Kc1 Rf1+ 37. Nxf1 Rxf1+ 38. Rxf1 Bxf1 39. Rxh5+ Kg7 40. b3 Nd3+
41. Kd2 Nf4 42. Rg5+ Kf6 43. Rg8 Bh3 44. Ra8 Ke7 45. Nb5 Bd7 46. Nxc7 Ng2 47.
Nb5 Nh4 48. Rb8 Nf3+ 49. Ke3 Bxb5 50. cxb5 Nd4 51. Rxb6 Nc2+ 52. Kd2 Nb4 53.
Rb7+ Kd8 54. a3 Na2 55. Ra7 1-0

[Event "Women's Speed Chess Q5"]
[Site "chess.com INT"]
[Date "2020.06.22"]
[Round "6"]
[White "Yakimova, Mariya"]
[Black "Hng, Mei-En Emmanuelle"]
[Result "1/2-1/2"]
[WhiteTitle "WFM"]
[BlackTitle "WFM"]
[WhiteElo "2269"]
[BlackElo "2029"]
[WhiteFideId "34188859"]
[BlackFideId "5804566"]
[EventDate "2020.06.22"]

1. d4 Nf6 2. c4 e6 3. g3 c5 4. d5 exd5 5. cxd5 d6 6. Nc3 g6 7. Nf3 Bg7 8. Bg2
O-O 9. O-O Nbd7 10. e4 Re8 11. Re1 Ng4 12. Qc2 Rb8 13. a4 b6 14. h3 Nge5 15. Nd2
g5 16. Nb5 Qf6 17. Nxa7 Ba6 18. Nb5 Bxb5 19. axb5 Ra8 20. Ra3 Ra5 21. Rxa5 bxa5
22. Nb3 a4 23. Na5 Nb6 24. Nc6 Nec4 25. b3 axb3 26. Qxb3 Ra8 27. Bf1 Qc3 28.
Qxc3 Bxc3 29. Rd1 Ra1 30. Be2 h6 31. h4 f6 32. hxg5 hxg5 33. f4 gxf4 34. Bxf4
Ra2 35. Bxc4 Nxc4 36. Rb1 Bb2 37. b6 Nxb6 38. Bxd6 Nc4 39. Bxc5 Ra6 40. Be7 Kf7
41. Rf1 Rxc6 42. dxc6 Kxe7 43. Kf2 Bd4+ 44. Ke2 Kd6 45. Kd3 Be5 46. Kxc4 Kxc6
47. g4 Kd6 48. Rd1+ Ke6 49. Kc5 Ba1 50. Rd6+ Ke5 51. Ra6 Bd4+ 52. Kc4 Kxe4 53.
Ra2 Be5 54. Rg2 Kf4 55. Rg1 Kg5 56. Kd5 Bh2 57. Rg2 Be5 58. Ke4 Kh4 59. Rf2 Kg3
60. Rf5 Kxg4 61. Rxe5 fxe5 62. Kxe5 1/2-1/2

[Event "Women's Speed Chess Q5"]
[Site "chess.com INT"]
[Date "2020.06.22"]
[Round "6"]
[White "Nikulina, Alena"]
[Black "Ramirez, Maria Eugenia"]
[Result "0-1"]
[WhiteTitle "WFM"]
[BlackTitle "WFM"]
[WhiteElo "1887"]
[BlackElo "2057"]
[WhiteFideId "4172051"]
[BlackFideId "3301680"]
[EventDate "2020.06.22"]

1. e4 e5 2. Nf3 Nc6 3. Bc4 Nf6 4. d3 d5 5. exd5 Nxd5 6. O-O Be6 7. Re1 Qd6 8.
Nbd2 O-O-O 9. Ne4 Qd7 10. a4 h6 11. a5 a6 12. c3 f5 13. Ned2 Bd6 14. Qb3 Nf4 15.
Bxe6 Nxe6 16. d4 e4 17. d5 Nc5 18. dxc6 Qxc6 19. Qf7 Rdf8 20. Qc4 exf3 21. Nxf3
g5 22. b4 Ne4 23. Qxc6 bxc6 24. Bb2 g4 25. Nd4 c5 26. Ne6 Re8 27. Nxc5 Nxc5 28.
bxc5 Bxc5 29. c4 Rhg8 30. Bc3 f4 31. Rad1 g3 32. hxg3 fxg3 33. Rxe8+ Rxe8 34.
Bd4 Bxd4 35. Kf1 Bxf2 36. Rc1 Re4 37. c5 c6 38. Rd1 Re5 39. Rc1 Rxc5 40. Rb1
Rxa5 41. Rc1 Kc7 42. Ke2 Re5+ 43. Kf3 a5 44. Ra1 Kb6 45. Kf4 Rb5 46. Kf3 Rb3+
47. Kg4 Rb4+ 48. Kf3 a4 49. Rh1 Kb5 50. Rxh6 a3 51. Rh8 a2 52. Rb8+ Kc4 53. Ra8
Kb3 54. Ke2 Ra4 55. Rb8+ Ka3 56. Kf3 a1=Q 0-1

[Event "Women's Speed Chess Q5"]
[Site "chess.com INT"]
[Date "2020.06.22"]
[Round "6"]
[White "Peycheva, Gergana"]
[Black "Gokbulut, Julia"]
[Result "1/2-1/2"]
[WhiteTitle "FM"]
[BlackTitle "WFM"]
[WhiteElo "2255"]
[BlackElo "1970"]
[WhiteFideId "2916711"]
[BlackFideId "4153979"]
[EventDate "2020.06.22"]

1. d4 d5 2. c4 e6 3. Nc3 Nf6 4. cxd5 exd5 5. Bg5 c6 6. Qc2 Be7 7. e3 O-O 8. Bd3
h6 9. Bh4 Nh5 10. Bxe7 Qxe7 11. Nge2 Nf6 12. O-O c5 13. dxc5 Qxc5 14. Rfd1 Nc6
15. a3 Kh8 16. Rac1 Bg4 17. Qd2 Bxe2 18. Bxe2 Rad8 19. Nb5 Qb6 20. Nd4 Ne4 21.
Qc2 Nxd4 22. Rxd4 Qf6 23. Bf3 Rfe8 24. Qd1 Ng5 25. Bxd5 Ne6 26. Rd2 b6 27. h3
Ng5 28. Ba2 Ne4 29. Rxd8 Qxf2+ 30. Kh1 Ng3+ 31. Kh2 Rxd8 32. Qxd8+ Kh7 33. Qd3+
g6 34. Rd1 Ne2 35. Bc4 Qg3+ 36. Kh1 Nf4 37. Qd2 Nxh3 38. gxh3 Qxh3+ 39. Kg1 Qg3+
40. Kf1 Qf3+ 41. Qf2 Qxd1+ 42. Kg2 Qg4+ 43. Kh2 f5 44. Be2 Qe4 45. Bf3 Qe5+ 46.
Kg2 g5 47. Qd2 g4 48. Be2 Kg6 49. Bd3 Kg5 50. Qf2 h5 51. Bc2 h4 52. Kg1 h3 53.
Qd2 g3 54. e4+ f4 55. Qd8+ Kh6 56. Qf8+ Kg5 57. Qg8+ Kh6 58. Qf8+ Kg6 59. Qg8+
Kh6 60. Qf8+ 1/2-1/2

[Event "Women's Speed Chess Q5"]
[Site "chess.com INT"]
[Date "2020.06.22"]
[Round "6"]
[White "Shukhman, Anna"]
[Black "Gevorgyan, Maria"]
[Result "0-1"]
[WhiteTitle "WCM"]
[BlackTitle "WGM"]
[WhiteElo "1866"]
[BlackElo "2228"]
[WhiteFideId "54180058"]
[BlackFideId "13300270"]
[EventDate "2020.06.22"]

1. e4 c5 2. Nf3 Nc6 3. d4 cxd4 4. Nxd4 g6 5. c4 Nf6 6. Nc3 Nxd4 7. Qxd4 d6 8.
Be3 Bg7 9. Be2 O-O 10. Qd2 a5 11. O-O a4 12. f3 Qa5 13. Rac1 Be6 14. Rfd1 Rfc8
15. Nd5 Qxd2 16. Rxd2 Nxd5 17. exd5 Bf5 18. Bd4 Bh6 19. Rdd1 Bxc1 20. Rxc1 b5
21. g4 Bd7 22. Be3 bxc4 23. Bxc4 Rab8 24. b3 axb3 25. axb3 Bb5 26. Kf2 Bxc4 27.
bxc4 Rb4 28. c5 dxc5 29. Rxc5 Rd8 30. Rc7 Rxd5 31. Bh6 Rb2+ 32. Kg3 f6 33. Rxe7
Rb8 34. h4 Rdb5 35. Rg7+ Kh8 36. Rf7 f5 37. gxf5 Rxf5 38. Rd7 Rh5 39. Bg7+ Kg8
40. Bc3 Re8 41. Rg7+ Kf8 42. Kg4 Rf5 43. Rxh7 Re3 44. Rh8+ Kf7 45. Rh7+ Ke6 46.
Bd4 Rexf3 47. Bb2 R3f4+ 48. Kg3 Rb4 49. Bh8 Rd5 50. Rh6 Rd3+ 51. Kf2 Kf5 52. h5
gxh5 53. Rxh5+ Kg6 54. Rc5 Ra4 55. Rc2 Rh3 56. Ke2 Rxh8 57. Rc6+ Kf5 58. Rc5+
Ke4 59. Rg5 Rh2+ 60. Kf1 Ra1# 0-1

[Event "Women's Speed Chess Q5"]
[Site "chess.com INT"]
[Date "2020.06.22"]
[Round "6"]
[White "Voit, Daria"]
[Black "Goryachkina, Aleksandra"]
[Result "1-0"]
[WhiteTitle "WGM"]
[BlackTitle "GM"]
[WhiteElo "2343"]
[BlackElo "2582"]
[WhiteFideId "4182146"]
[BlackFideId "4147103"]
[EventDate "2020.06.22"]

1. d4 d5 2. c4 e6 3. Nf3 Nf6 4. g3 Bb4+ 5. Bd2 Be7 6. Bg2 O-O 7. O-O Nbd7 8. Qc2
c6 9. Rd1 b6 10. Bf4 Ba6 11. Ne5 Rc8 12. Nc3 Nh5 13. Bc1 Bb7 14. e4 Nhf6 15. Bf4
Nh5 16. Be3 Nhf6 17. h3 h6 18. Rac1 Bb4 19. exd5 cxd5 20. Qa4 a5 21. cxd5 Bxc3
22. dxe6 Bxg2 23. exd7 Rc7 24. Kxg2 Bxb2 25. Rb1 Bc3 26. Rxb6 Nxd7 27. Nxd7 Rxd7
28. Rc6 Bb4 29. Kg1 Rd5 30. Qb3 Qd7 31. Qc4 Rd8 32. h4 h5 33. Rc1 Ba3 34. Rc2
Bb4 35. Rc8 Rxc8 36. Qxc8+ Qxc8 37. Rxc8+ Kh7 38. Kf1 Kg6 39. Ke2 Kf5 40. Kd3
Ke6 41. Rc6+ Kd7 42. Ra6 Rf5 43. Kc4 g6 44. Ra7+ Kc6 45. Ra6+ Kd7 46. d5 Re5 47.
Ra7+ Ke8 48. Ra8+ Kd7 49. a3 Bxa3 50. Rxa5 Be7 51. Ra7+ Ke8 52. Bd4 Rf5 53. Ra8+
Kd7 54. Ra7+ Ke8 55. Be3 Bd6 56. Ra8+ Kd7 57. Ra7+ Ke8 58. f4 f6 59. Bc5 Bxc5
60. Kxc5 g5 61. hxg5 fxg5 62. fxg5 Rxg5 63. Rh7 Rxg3 64. Rxh5 Rg1 65. Kc6 Ke7
66. Rh7+ Kd8 67. Rh8+ Ke7 68. d6+ Ke6 69. Re8+ Kf7 70. d7 Rc1+ 71. Kd6 1-0

[Event "Women's Speed Chess Q5"]
[Site "chess.com INT"]
[Date "2020.06.22"]
[Round "6"]
[White "Karnaukhova, Elmira"]
[Black "Nguyen, Thi Mai Hung"]
[Result "1-0"]
[WhiteTitle "WGM"]
[BlackTitle "WGM"]
[WhiteElo "2319"]
[BlackElo "2258"]
[WhiteFideId "4148827"]
[BlackFideId "12401676"]
[EventDate "2020.06.22"]

1. d4 Nf6 2. Bg5 Ne4 3. Bh4 d5 4. f3 Nd6 5. Nd2 Bf5 6. c4 c6 7. Qb3 dxc4 8. Nxc4
Nxc4 9. Qxc4 Qa5+ 10. Qc3 Qxc3+ 11. bxc3 Nd7 12. e4 Bg6 13. Rb1 b6 14. Ba6 Rd8
15. Ne2 f6 16. O-O Bf7 17. Bg3 e5 18. Bb7 c5 19. d5 Bd6 20. a4 Ke7 21. a5 Rb8
22. a6 Nf8 23. Nc1 Be8 24. Nd3 Ng6 25. Nb2 Bb5 26. c4 Bd7 27. Nd3 Nf4 28. Rfd1
Ne2+ 29. Kf2 Nc3 30. Rdc1 Nxb1 31. Rxb1 h5 32. Ke3 g5 33. Be1 h4 34. Bc3 Bc8 35.
Bxc8 Rbxc8 36. Rb5 Rcg8 37. h3 Rf8 38. Rb3 Kd7 39. Rb5 Kc7 40. Rb3 Rb8 41. Rb5
Rhf8 42. Ke2 Rfe8 43. Ke3 Re7 44. Nf2 Rf8 45. Ng4 f5 46. exf5 Rxf5 47. Kd3 Rf4
48. Bd2 Rd4+ 49. Kc3 Rg7 50. Nh6 Rg6 51. Nf5 Rf6 52. Nxd4 exd4+ 53. Kd3 Bf4 54.
Be1 Kd6 55. Rb2 Rf5 56. Re2 Be3 57. Rb2 Re5 58. Re2 Re7 59. Kc2 Ke5 60. Kd3 Kf4
61. Kc2 Rd7 62. Kd3 Rd6 63. Kc2 Rd8 64. Kd3 Ke5 65. Bf2 Kf4 66. Bxe3+ dxe3 67.
Rxe3 Kg3 68. Re2 Rd7 69. Rd2 Re7 70. Rc2 Re8 71. Rd2 Re7 72. d6 Rd7 73. Ke4 Rd8
74. d7 1-0

[Event "Women's Speed Chess Q5"]
[Site "chess.com INT"]
[Date "2020.06.22"]
[Round "6"]
[White "Mahalakshmi, M"]
[Black "Shvedova, Alexandra"]
[Result "1-0"]
[WhiteTitle "WIM"]
[BlackTitle "WFM"]
[WhiteElo "2253"]
[BlackElo "1994"]
[WhiteFideId "5001080"]
[BlackFideId "54154782"]
[EventDate "2020.06.22"]

1. d4 d5 2. Bf4 Nf6 3. e3 c5 4. Nc3 Nc6 5. Nb5 e5 6. dxe5 Ne4 7. e6 Bd6 8. exf7+
Kf8 9. Nxd6 Nxd6 10. Qxd5 Nxf7 11. Qxd8+ Ncxd8 12. O-O-O Bf5 13. Nf3 Ne6 14. Bg3
h5 15. Bc4 g5 16. h3 Ke7 17. Ne5 Nxe5 18. Bxe5 Rhd8 19. Rxd8 Rxd8 20. Rd1 a6 21.
Rxd8 Nxd8 22. Bd5 Be6 23. Bxe6 Kxe6 24. Bc7 Nc6 25. Kd2 Nb4 26. a3 Nd5 27. Bd8
g4 28. hxg4 hxg4 29. Bh4 Nb6 30. Kd3 Na4 31. b3 Nb6 32. Ke4 Nd5 33. f3 gxf3 34.
gxf3 Nc3+ 35. Kd3 Nb5 36. a4 Nd6 37. e4 Nf7 38. f4 Nd6 39. f5+ Kf7 40. Bg3 Nc8
41. e5 Ne7 42. Ke4 Nc6 43. e6+ Ke8 44. f6 Nb4 45. f7+ Ke7 46. Bd6+ Kxd6 47.
f8=Q+ Kxe6 48. Qxc5 Nc6 49. Qb6 Kd6 50. Qxb7 a5 51. c3 Kc5 52. Qb5+ Kd6 53. b4
axb4 54. cxb4 Kc7 55. Qxc6+ Kxc6 56. Kd4 Kb6 57. Kc4 Ka6 58. Kc5 Kb7 59. b5 Ka7
60. a5 Kb7 61. b6 Ka8 62. Kc6 Kb8 63. a6 Ka8 64. Kd7 Kb8 65. b7 Ka7 66. Kc7 Kxa6
67. b8=Q Ka5 68. Qb3 Ka6 69. Qb6# 1-0

[Event "Women's Speed Chess Q5"]
[Site "chess.com INT"]
[Date "2020.06.22"]
[Round "6"]
[White "Swati, Mohota"]
[Black "Doluhanova, Evgeniya"]
[Result "0-1"]
[WhiteTitle "WFM"]
[BlackTitle "WGM"]
[WhiteElo "2027"]
[BlackElo "2229"]
[WhiteFideId "5006511"]
[BlackFideId "14112035"]
[EventDate "2020.06.22"]

1. d4 Nf6 2. c4 e6 3. Nc3 Bb4 4. e3 O-O 5. Bd2 b6 6. Nf3 Bb7 7. Bd3 Bxc3 8. Bxc3
Ne4 9. Bb4 d6 10. O-O a5 11. Ba3 Nd7 12. Qc2 f5 13. Rac1 g5 14. Nd2 Nxd2 15.
Qxd2 Nf6 16. b3 Qe8 17. f3 Qh5 18. Rce1 Rad8 19. e4 fxe4 20. fxe4 e5 21. dxe5
Ng4 22. Rxf8+ Rxf8 23. h3 Nxe5 24. Rf1 Rxf1+ 25. Kxf1 Nxd3 26. Qxd3 Qf7+ 27. Qf3
Bxe4 28. Qxf7+ Kxf7 29. Bc1 Bb1 30. Bxg5 Bxa2 31. Bd8 Bxb3 32. Bxc7 Bxc4+ 33.
Ke1 a4 34. Bxd6 b5 35. Kf2 Ke6 36. Bb4 Kd5 37. Ke3 Bf1 38. h4 Bxg2 39. Kd2 Kc4
40. Be7 Kb3 41. Kc1 b4 42. Kb1 Kc3 43. Bf6+ Kc4 44. Kb2 a3+ 45. Ka2 Bd5 46. Ba1
Kd3+ 47. Kb1 b3 48. Kc1 b2+ 49. Bxb2 axb2+ 50. Kxb2 h5 51. Kc1 Ke3 52. Kd1 Kf2
53. Kd2 Kg3 54. Ke2 Kxh4 55. Kf2 Ba8 56. Kg1 Kg3 57. Kf1 h4 58. Kg1 h3 59. Kf1
h2 60. Ke2 h1=Q 61. Ke3 Qe4+ 62. Kd2 Qf3 63. Kc2 Kf4 64. Kc1 Ke4 65. Kb2 Kd4 66.
Kc2 Qc3+ 67. Kd1 Qb2 68. Ke1 Ke3 69. Kf1 Qf2# 0-1

[Event "Women's Speed Chess Q5"]
[Site "chess.com INT"]
[Date "2020.06.22"]
[Round "6"]
[White "Babiy, Olga"]
[Black "Martynkova, Olena"]
[Result "1-0"]
[WhiteTitle "WGM"]
[BlackTitle "WIM"]
[WhiteElo "2228"]
[BlackElo "2222"]
[WhiteFideId "14117258"]
[BlackFideId "14134039"]
[EventDate "2020.06.22"]

1. e4 e5 2. Nf3 Nc6 3. Bb5 a6 4. Ba4 Nf6 5. O-O Be7 6. Re1 b5 7. Bb3 d6 8. c3
O-O 9. h3 Nb8 10. d4 Nbd7 11. Nbd2 Bb7 12. a4 c5 13. d5 c4 14. Bc2 Re8 15. Nf1
Bf8 16. Ng3 g6 17. Bg5 h6 18. Be3 Nc5 19. Qd2 h5 20. Bxc5 dxc5 21. Reb1 Qc7 22.
Nf1 Bg7 23. b3 cxb3 24. Rxb3 c4 25. Rb2 Reb8 26. axb5 axb5 27. Rab1 Ba6 28. Ne3
Ne8 29. Qe2 Nd6 30. Nd2 Rb7 31. g4 hxg4 32. Qxg4 Rab8 33. Rb4 Rb6 34. h4 Bc8 35.
Qg3 R6b7 36. Kh2 Qe7 37. Rg1 Qf6 38. Nf3 Qf4 39. Ra1 Nxe4 40. Bxe4 Qxe4 41. Rd1
Qf4 42. d6 Qxg3+ 43. Kxg3 Be6 44. Ng5 Bd7 45. Nd5 f6 46. Ne7+ Kf8 47. Nxg6+ Ke8
48. Nf3 Kf7 49. Ne7 Bh6 50. Nd5 Rg8+ 51. Kh2 Be6 52. Ne3 Bf4+ 53. Kh1 e4 54. Nd4
Rh8 55. Ng2 Be5 56. Nxe6 Kxe6 57. d7 Rxd7 58. Rxd7 Kxd7 59. Rxb5 Ra8 60. Ne3
Bxc3 61. Nxc4 Ke6 62. Kg2 Bd4 63. Ne3 Bxe3 64. fxe3 Ra3 65. Kf2 f5 66. h5 Kf6
67. Rb6+ Kg7 68. Rc6 Kh7 69. Rf6 Kg7 70. Rxf5 Kh6 71. Re5 Ra4 72. Kg3 Ra1 73.
Kf4 Ra4 74. Rxe4 Ra5 75. Re5 Ra4+ 76. e4 Ra1 77. Rf5 Re1 78. Ke5 Kg7 79. Rg5+
Kh6 80. Rf5 Kg7 81. Kd5 Kh6 82. e5 Rd1+ 83. Ke6 Rd2 84. Kf6 Re2 85. e6 1-0

[Event "Women's Speed Chess Q5"]
[Site "chess.com INT"]
[Date "2020.06.22"]
[Round "6"]
[White "Enkhtuul, Altan-Ulzii"]
[Black "Zhuravleva, Olga"]
[Result "0-1"]
[WhiteTitle "WGM"]
[BlackTitle "WIM"]
[WhiteElo "2228"]
[BlackElo "2278"]
[WhiteFideId "4901444"]
[BlackFideId "4145933"]
[EventDate "2020.06.22"]

1. e4 e5 2. Nf3 Nc6 3. c3 d5 4. Qa4 f6 5. Bb5 Ne7 6. O-O Bg4 7. exd5 Bxf3 8.
dxc6 Bxc6 9. d4 Qd5 10. Bxc6+ Qxc6 11. Qxc6+ Nxc6 12. dxe5 Nxe5 13. Re1 O-O-O
14. Nd2 Nd3 15. Re2 Bc5 16. Ne4 Bb6 17. Be3 Rhe8 18. Bxb6 axb6 19. b3 Nf4 20.
Ree1 Nd3 21. Re2 Nf4 22. Ree1 Nd3 23. Re3 f5 24. Ng3 Rxe3 25. fxe3 g6 26. Rd1
Nc5 27. Rd4 Re8 28. Kf2 c6 29. b4 Ne6 30. Rh4 Re7 31. Ne2 Ng5 32. Ng3 Kc7 33.
Rd4 Ne6 34. Rd1 Re8 35. h4 Ra8 36. Rd2 Nf8 37. Ne2 Nd7 38. Nd4 Re8 39. Nf3 Nf6
40. Rc2 Nd5 41. c4 Nxe3 42. Re2 Ng4+ 43. Kf1 Rxe2 44. Kxe2 Kd6 45. Kd3 h6 46. a4
Ne5+ 47. Nxe5 Kxe5 48. Ke3 g5 49. hxg5 hxg5 50. Kd3 f4 51. a5 bxa5 52. bxa5 g4
53. c5 Kd5 54. Ke2 Kxc5 55. Kd3 Kb5 56. Ke4 f3 57. gxf3 g3 58. Ke3 Kxa5 59. f4
b5 60. f5 b4 61. f6 b3 62. f7 g2 63. Kf2 g1=Q+ 64. Kxg1 b2 65. f8=Q b1=Q+ 66.
Kg2 Qc2+ 67. Kf1 Qd3+ 68. Kf2 Qd2+ 69. Kf1 Qd3+ 70. Kf2 Qd4+ 71. Kf1 c5 72. Qa8+
Kb5 73. Qb7+ Kc4 74. Qf7+ Kc3 75. Ke2 Qd3+ 76. Ke1 c4 77. Qf6+ Kc2 78. Qf2+ Kb3
79. Qb6+ Kc3 80. Qf6+ Kc2 81. Qf2+ Kc1 82. Qf4+ Kb1 83. Qb8+ Kc2 84. Qf4 c3 85.
Qf3 Qd2+ 86. Kf1 Qd1+ 87. Qxd1+ Kxd1 88. Kf2 c2 0-1

[Event "Women's Speed Chess Q5"]
[Site "chess.com INT"]
[Date "2020.06.22"]
[Round "6"]
[White "Sebag, Marie"]
[Black "Chitlange, Sakshi"]
[Result "1/2-1/2"]
[WhiteTitle "GM"]
[BlackTitle "WIM"]
[WhiteElo "2438"]
[BlackElo "2167"]
[WhiteFideId "617822"]
[BlackFideId "35002899"]
[EventDate "2020.06.22"]

1. e4 c6 2. d4 d5 3. exd5 cxd5 4. Bd3 Nc6 5. c3 Nf6 6. Nf3 Bg4 7. Bf4 e6 8. Nbd2
Bd6 9. Bxd6 Qxd6 10. O-O O-O 11. h3 Bh5 12. Re1 Rab8 13. Qe2 a6 14. Qe3 Bg6 15.
Bxg6 hxg6 16. Ne5 b5 17. a3 a5 18. g3 Ne7 19. Kg2 b4 20. axb4 axb4 21. Ra7 bxc3
22. bxc3 Nf5 23. Qf4 Qb6 24. Rea1 Rb7 25. Rxb7 Qxb7 26. g4 Ne7 27. Rb1 Qc8 28.
Qe3 Nc6 29. Nd3 Nd7 30. h4 Na5 31. Nf4 Nc4 32. Nxc4 dxc4 33. h5 Qc6+ 34. Qf3
Qxf3+ 35. Kxf3 gxh5 36. Nxh5 Rc8 37. Rb7 Nb8 38. Ng3 Nc6 39. Ne4 Na5 40. Ra7 Nb3
41. Nd6 Rc6 42. Ra8+ Kh7 43. Nxf7 Nd2+ 44. Ke3 Nb1 45. Ne5 Rc7 46. g5 g6 47. Re8
Nxc3 48. Rxe6 Nd5+ 49. Kd2 c3+ 50. Kc1 c2 51. Rc6 Rxc6 52. Nxc6 Nf4 53. Kxc2 Nh3
54. d5 Nxg5 55. Kd3 Nf7 56. Kd4 Kg7 57. Kc5 Kf6 58. Nd4 Ke7 59. Nc6+ Kd7 60. f4
g5 61. f5 g4 62. Nd4 g3 63. Nf3 g2 64. Kd4 Ng5 65. Ng1 Kd6 66. f6 Nh7 67. f7 Ke7
68. Ke5 Kxf7 69. d6 Ke8 70. Ke6 Nf8+ 71. Kd5 Kd7 72. Nf3 Ng6 73. Ng1 Nf4+ 74.
Ke5 Nd3+ 75. Kd4 Nf4 76. Ke4 Ng6 77. Kf3 Kxd6 78. Kxg2 1/2-1/2

[Event "Women's Speed Chess Q5"]
[Site "chess.com INT"]
[Date "2020.06.22"]
[Round "7"]
[White "Gokbulut, Julia"]
[Black "Osmanodja, Filiz"]
[Result "1-0"]
[WhiteTitle "WFM"]
[BlackTitle "WGM"]
[WhiteElo "1970"]
[BlackElo "2293"]
[WhiteFideId "4153979"]
[BlackFideId "24633569"]
[EventDate "2020.06.22"]

1. d4 Nf6 2. c4 e6 3. Nc3 Bb4 4. Qc2 O-O 5. a3 d5 6. axb4 dxc4 7. e3 Nc6 8. b5
Nb4 9. Qa4 Nd3+ 10. Bxd3 cxd3 11. Qc4 1-0

[Event "Women's Speed Chess Q5"]
[Site "chess.com INT"]
[Date "2020.06.22"]
[Round "7"]
[White "Vidyarthi, Omya"]
[Black "Matveeva, Olga"]
[Result "0-1"]
[WhiteTitle "WCM"]
[BlackTitle "WIM"]
[WhiteElo "1709"]
[BlackElo "2171"]
[WhiteFideId "30931665"]
[BlackFideId "24107018"]
[EventDate "2020.06.22"]

1. d4 Nf6 2. Bg5 d5 3. Bxf6 exf6 4. e3 Bd6 5. c4 dxc4 6. Bxc4 O-O 7. Ne2 c5 8.
O-O Nc6 9. Nbc3 a6 10. a4 cxd4 11. Nxd4 Nxd4 12. Qxd4 Be6 13. Bd3 Qc7 14. h3
Rad8 15. f4 Bc5 16. Qe4 f5 0-1

[Event "Women's Speed Chess Q5"]
[Site "chess.com INT"]
[Date "2020.06.22"]
[Round "7"]
[White "Tomilova, Elena"]
[Black "Bulmaga, Irina"]
[Result "1/2-1/2"]
[WhiteTitle "WGM"]
[BlackTitle "IM"]
[WhiteElo "2353"]
[BlackElo "2440"]
[WhiteFideId "4162340"]
[BlackFideId "13903063"]
[EventDate "2020.06.22"]

1. d4 Nf6 2. Bg5 d5 3. Nd2 e6 4. e3 Be7 5. Bd3 b6 6. c3 Bb7 7. Qe2 Ne4 8. Bf4 a6
9. Ngf3 Nd7 10. h3 O-O 11. O-O c5 12. Ne5 f6 13. Nxd7 Qxd7 14. Rad1 Nxd2 15.
Rxd2 Bd6 16. dxc5 bxc5 17. Bxd6 Qxd6 18. e4 Rad8 19. exd5 exd5 20. Re1 g6 21.
Qe6+ Qxe6 22. Rxe6 a5 23. Rb6 1/2-1/2

[Event "Women's Speed Chess Q5"]
[Site "chess.com INT"]
[Date "2020.06.22"]
[Round "7"]
[White "Charochkina, Daria"]
[Black "Xu, Yuanyuan"]
[Result "1-0"]
[WhiteTitle "IM"]
[BlackTitle "WGM"]
[WhiteElo "2356"]
[BlackElo "2317"]
[WhiteFideId "4180917"]
[BlackFideId "8601089"]
[EventDate "2020.06.22"]

1. b3 d5 2. Bb2 Bf5 3. e3 e6 4. f4 Nf6 5. Nf3 c5 6. Bb5+ Nbd7 7. O-O Be7 8. Nc3
O-O 9. Bxd7 Nxd7 10. Qe1 Bxc2 11. Rc1 Bg6 12. Qg3 Nf6 13. Ne5 Ne4 14. Nxe4 dxe4
15. Bc3 Bh4 16. Qh3 Bf6 17. g3 Bxe5 18. fxe5 Bf5 19. g4 Bg6 20. Qg3 Qd3 21. h4
h6 22. h5 Bh7 23. g5 hxg5 24. Qxg5 Kh8 25. Rf4 b5 26. Rg4 Rg8 27. h6 gxh6 28.
Qf6+ Rg7 29. Qxg7# 1-0